000
00308nam a2200109Ia 4500
008
171204s9999 xx 000 0 und d
245
_a
Java Programming Interviews Exposed:
245
_c
Noel Markham
260
_c
2014
650
_x
Programming 1-2
856
_u
http://down.ebook777.com/043/9781118722862.pdf
999
_c
345938
_d
345938